[Event "White Nights op"]
[Site "St Petersburg"]
[Date "1999.??.??"]
[Round "8"]
[White "Kochyev, Alexander"]
[Black "Rusanov, Michail"]
[Result "1-0"]
[WhiteElo "2428"]
[BlackElo "2448"]

1.Nf3 d5 2.c4 c6 3.d4 e6 4.Qc2 dxc4 5.Qxc4 b5 6.Qc2 Bb7 7.Bg5 Nf6 8.Nbd2 Nbd7
9.e4 a6 10.a4 Rc8 11.Be2 c5 12.d5 exd5 13.e5 h6 14.Bh4 g5 15.Bg3 Ne4 16.axb5 Nxg3
17.hxg3 Bg7 18.bxa6 Ba8 19.Bb5 O-O 20.Bxd7 Qxd7 21.Nxg5 Rfe8 22.Qh7+ Kf8
23.Ngf3 Qb5 24.Rh4 Rc7 25.Kd1 Qd7 26.Rxh6 Bxh6 27.Qxh6+ Kg8 28.Qg5+ Kf8 29.Kc2 Rc6
30.Qf4 Qe6 31.Ng5 Qg6+ 32.Kd1 Kg7 33.Ra3 Re7 34.Ngf3 Rxa6 35.Nh4 Qc6 36.Nf5+ Kf8
37.Qh4  1-0

[Event "Sulzfeld op 10th"]
[Site "Sulzfeld"]
[Date "1999.??.??"]
[Round "5"]
[White "Florea, Dan"]
[Black "Prestel, Oliver"]
[Result "1/2-1/2"]
[WhiteElo "2265"]
[BlackElo "2220"]

1.Nf3 d5 2.c4 c6 3.d4 e6 4.Nbd2 Nf6 5.e3 Nbd7 6.Bd3 Bd6 7.O-O O-O 8.e4 e5
9.Re1 dxe4 10.Nxe4 Nxe4 11.Bxe4 f5 12.Bc2 e4 13.Ng5 Nf6 14.c5 Bb8 15.Bb3+ Kh8
16.g3 Qe8 17.Bd2  1/2-1/2

[Event "SVK-chT1E 9899"]
[Site "SVK"]
[Date "1999.??.??"]
[Round "6"]
[White "Pejko, Otomar"]
[Black "Koval, Daniel"]
[Result "1/2-1/2"]
[WhiteElo "2250"]
[BlackElo "2225"]

1.Nf3 d5 2.c4 e6 3.d4 Nf6 4.Nc3 Be7 5.Bg5 h6 6.Bxf6 Bxf6 7.e3 O-O 8.Bd3 dxc4
9.Bxc4 b6 10.O-O Bb7 11.Qe2  1/2-1/2

[Event "SWE-chT 9899"]
[Site "Sweden"]
[Date "1999.??.??"]
[Round "8"]
[White "Ornstein, Axel"]
[Black "Vernersson, Per"]
[Result "1-0"]
[WhiteElo "2472"]
[BlackElo "2424"]

1.Nf3 d5 2.c4 dxc4 3.e3 Nf6 4.Bxc4 c5 5.b3 e6 6.Bb2 Be7 7.O-O a6 8.a4 Nc6
9.Nc3 O-O 10.Qe2 b6 11.Rfd1 Na5 12.Rab1 Bb7 13.Ba1 Qc7 14.Bd3 Rfd8 15.Ng5 h6
16.Nge4 Nc6 17.Rbc1 Nb4 18.Bb1 Bc6 19.d4 cxd4 20.Nxf6+ Bxf6 21.Ne4 Be7 22.Rxd4 Rxd4
23.Bxd4 e5 24.Bb2 Rd8 25.h4 Qb7 26.Qg4 Bd7 27.Qf3 Qd5 28.Rd1 Qe6 29.h5 Bc6
30.Rxd8+ Bxd8 31.Qd1 Be7 32.Nd2 b5 33.axb5 Bxb5 34.Nf3 f6 35.Nh4 Qd5 36.Qg4 Bf8
37.Bf5 Kf7 38.Bg6+ Ke7 39.Qc8 Qd1+ 40.Kh2 Qd7 41.Nf5+  1-0

[Event "SWE-chT 9899"]
[Site "Sweden"]
[Date "1999.??.??"]
[Round "9"]
[White "Nyberg, Ulf"]
[Black "Matros, Alexander"]
[Result "0-1"]
[WhiteElo "2123"]
[BlackElo "2433"]

1.Nf3 d5 2.c4 e6 3.g3 Nf6 4.Bg2 dxc4 5.O-O c6 6.Qc2 b5 7.a4 Bb7 8.Na3 a6
9.b3 cxb3 10.Qxb3 Nbd7 11.d4 Be7 12.Bb2 O-O 13.Ne5 Nxe5 14.dxe5 Nd7 15.Rfd1 Qc8
16.a5 Rb8 17.Nc2 c5 18.e4 c4 19.Qe3 Qc7 20.f4 Rfd8 21.Kh1 Bc5 22.Bd4 Bxd4
23.Rxd4 Nc5 24.Rad1 Nd3 25.Ne1 Rxd4 26.Qxd4 Rd8 27.Qe3 Nf2+ 28.Qxf2 Rxd1
29.Bf3 Ra1 30.Kg2 b4 31.Kh3 b3 32.Ng2 c3  0-1

[Event "SWZ-chT"]
[Site "SWZ"]
[Date "1999.??.??"]
[Round "7"]
[White "Fioramonti, Hung"]
[Black "Wirthensohn, Heinz"]
[Result "0-1"]
[WhiteElo "2380"]
[BlackElo "2389"]

1.Nf3 d5 2.c4 e6 3.g3 dxc4 4.Bg2 c6 5.Qc2 b5 6.a4 Bb7 7.O-O Nf6 8.b3 cxb3
9.Qxb3 a6 10.d4 Be7 11.Ba3 O-O 12.Rd1 Nbd7 13.Nbd2 Rb8 14.Ne5 Bxa3 15.Qxa3 b4
16.Qxb4 c5 17.Qc4 cxd4 18.Bxb7 Nxe5 19.Qxa6 Qc7 20.Bg2 Nfd7 21.Ne4 Rb6 22.Qa5 Rc8
23.Qd2 Nc6 24.Rdc1 Qb8 25.a5 Rb2 26.Qd1 Nde5 27.a6 d3 28.exd3 Qa7 29.Rc2 Rcb8
30.Rxb2 Rxb2 31.d4 Nxd4 32.Nc5 Ne2+ 33.Kh1 g6 34.Qd8+ Kg7 35.Qc8 Ng4 36.Bf3 Nxf2+
37.Kg2 Nd3 38.Nxd3 Nf4+ 39.Kh1  0-1

[Event "SWZ-chT"]
[Site "SWZ"]
[Date "1999.??.??"]
[Round "9"]
[White "Bauert, Ralph"]
[Black "Jussupow, Artur"]
[Result "0-1"]
[WhiteElo "2265"]
[BlackElo "2641"]

1.Nf3 d5 2.c4 e6 3.b3 Nf6 4.g3 Be7 5.Bg2 O-O 6.O-O b6 7.Bb2 Bb7 8.e3 dxc4
9.bxc4 c5 10.d3 Nc6 11.Qe2 Qc7 12.Nc3 a6 13.Rfd1 Rfd8 14.Rab1 Rab8 15.Ba1 Ba8
16.Ne1 Na7 17.Bxa8 Rxa8 18.Rb3 Nd7 19.f4 Qc6 20.Qf3 Rdb8 21.Rdb1 Bf6 22.Kf2 h6
23.Ke2 Qc7 24.g4 b5 25.Kf1 bxc4 26.dxc4 Nc6 27.Rxb8+ Rxb8 28.Rxb8+ Ndxb8
29.Qd1 Na5 30.Ne4 Bxa1 31.Qxa1 Qc6 32.Qb1 Nd7 33.Qc2 Nb6 34.Kf2 Naxc4 35.g5 Nd6
36.Nxc5 Qxc5  0-1

[Event "Tampere op3"]
[Site "Tampere"]
[Date "1999.??.??"]
[Round "2"]
[White "Kiltti, Jyrki"]
[Black "Kytoniemi, Jyrki"]
[Result "1/2-1/2"]
[WhiteElo "2192"]
[BlackElo "2289"]

1.Nf3 d5 2.c4 e6 3.d4 Nf6 4.Bg5 Be7 5.e3 O-O 6.Nc3 h6 7.Bh4 Ne4 8.Bxe7 Qxe7
9.cxd5 Nxc3 10.bxc3 exd5 11.Bd3 b6 12.O-O Bb7  1/2-1/2

[Event "Isla de Tenerife op"]
[Site "Tenerife"]
[Date "1999.??.??"]
[Round "3"]
[White "Nikcevic, Nebojsa"]
[Black "Ivanov, Jordan"]
[Result "1/2-1/2"]
[WhiteElo "2470"]
[BlackElo "2380"]

1.Nf3 d5 2.c4 dxc4 3.e3 Nf6 4.Bxc4 e6 5.O-O c5 6.d4 Nc6 7.a3 cxd4 8.exd4 Be7
9.Nc3 O-O 10.Qd3 Nd5 11.Ba2 Re8 12.Nxd5 exd5 13.Re1 Be6 14.b4 Bf6 15.Bb2 Rc8
16.Ne5 Ne7 17.Rac1 Bg5 18.Rcd1 Nf5 19.Bb1 g6 20.Bc1 Bxc1 21.Rxc1 Qg5 22.Rxc8 Rxc8
23.Nf3  1/2-1/2

[Event "Isla de Tenerife op"]
[Site "Tenerife"]
[Date "1999.??.??"]
[Round "8"]
[White "Vassallo, Mauricio"]
[Black "Ivanov, Jordan"]
[Result "1/2-1/2"]
[WhiteElo "2380"]
[BlackElo "2355"]

1.Nf3 d5 2.c4 dxc4 3.e3 Nf6 4.Bxc4 e6 5.d4 c5 6.O-O Nc6 7.a3 cxd4 8.exd4 Be7
9.Nc3 O-O 10.Re1 Nd5 11.Bxd5 exd5 12.Qb3 Bf6  1/2-1/2

[Event "RUS-ch sf"]
[Site "Ufa"]
[Date "1999.??.??"]
[Round "1"]
[White "Balashov, Sergey"]
[Black "Akhmetov, Artiom"]
[Result "0-1"]
[WhiteElo "2024"]
[BlackElo "2415"]

1.Nf3 d5 2.c4 c6 3.g3 Nf6 4.b3 Bg4 5.Bg2 e6 6.Bb2 Nbd7 7.O-O Bd6 8.d3 O-O
9.Nbd2 Qe7 10.h3 Bxf3 11.Nxf3 e5 12.Nh4 Qe6 13.e4 dxe4 14.dxe4 Rfd8 15.Qc2 Bc5
16.Rad1 Nf8 17.Bc3 Bb6 18.Qb2 N6d7 19.Kh1 f6 20.Rd2 Nc5 21.Rfd1 Rxd2 22.Rxd2 g6
23.Kh2 Qf7 24.Qc2 a5 25.Bb2 Nfe6 26.Nf3 Qe7 27.h4 Rd8 28.Bh3 Rxd2 29.Bxe6+ Qxe6
30.Nxd2 Qd7 31.Ba3 Qd4 32.Bxc5 Bxc5 33.Nf3 Qxf2+ 34.Qxf2 Bxf2 35.Kg2 Be3
36.Kf1 Kf7 37.Ke2 Bc5 38.Kd3 h5 39.Ke2 Bb4 40.Ke3 Ke6 41.Ke2 Kd6 42.Nh2 Ba3
43.g4 Bc1 44.gxh5 gxh5 45.Nf3 Kc5 46.Kd3 Kb4 47.Kc2 Be3 48.Kb2 Bd4+ 49.Kb1 Kc3  0-1

[Event "RUS-ch sf"]
[Site "Ufa"]
[Date "1999.??.??"]
[Round "10"]
[White "Bashkov, Viacheslav"]
[Black "Ovetchkin, Roman"]
[Result "0-1"]
[WhiteElo "2380"]
[BlackElo "2511"]

1.Nf3 d5 2.c4 d4 3.e3 Nc6 4.exd4 Nxd4 5.Nxd4 Qxd4 6.Nc3 c6 7.d3 Nh6 8.h3 Nf5
9.g4 Qe5+ 10.Qe2 Qxe2+ 11.Nxe2 Nh4 12.Be3 h5 13.gxh5 Rxh5 14.O-O-O g6 15.Ng3 Rh8
16.d4 Bg7 17.d5 cxd5 18.cxd5 Bd7 19.Kb1 Nf5 20.Bg5 Be5 21.Ne4 Nd6 22.Nc5 Bf6
23.Bf4 Bf5+ 24.Ka1 Rh4 25.Be3 Rb4 26.Nb3 Bc2 27.Rc1 Bxb3 28.axb3 Rxb3 29.Rc2 Rc8
30.Rxc8+ Nxc8 31.Bc1 Rb4 32.Bg2 Nd6 33.Re1 Kd8 34.Re2 Rc4 35.Kb1 Rb4 36.Rc2 Nc4
37.Ka2 Nd6 38.Be3 Bd4 39.Bf4 Bf6 40.Be3 b6 41.Bf1 Ra4+ 42.Kb3 Ra1 43.Be2 Be5
44.Kb4 Rh1 45.Bg5 Rxh3 46.Rc6 f6 47.Bg4 Rd3 48.Be3 Bxb2 49.Be6 a5+  0-1

[Event "JUG-chT (Women)"]
[Site "Vrnjacka Banja"]
[Date "1999.??.??"]
[Round "1"]
[White "Vujic Katanic, Branka"]
[Black "Markov, Vesna"]
[Result "0-1"]
[WhiteElo "2119"]
[BlackElo "2207"]

1.Nf3 d5 2.c4 c6 3.d4 e6 4.Qc2 Bd6 5.g3 Nd7 6.Bg2 Ngf6 7.O-O O-O 8.b3 e5
9.dxe5 Nxe5 10.cxd5 Nxd5 11.Bb2 Qe7 12.Nc3 Nb4 13.Qe4 f5 14.Qb1 f4 15.Nd4 fxg3
16.hxg3 Ng4 17.Be4 g6 18.a3 Na6 19.Bxg6 Qg7 20.Bf5 Bxf5 21.Nxf5 Qg5 22.e4 Qh5
23.Kg2 Qh2+ 24.Kf3 Ne5+ 25.Ke2 Bc5 26.Na4 Qh5+ 27.f3 Qh2+ 28.Ke1 Rad8 29.Bc3 Rxf5
30.exf5 Qxg3+ 31.Ke2 Qg2+ 32.Ke1 Nd3+ 33.Kd1 Qxf1+ 34.Kc2 Qe2+ 35.Bd2 Ndb4+  0-1

[Event "JUG-chT"]
[Site "Vrnjacka Banja"]
[Date "1999.??.??"]
[Round "1"]
[White "Arsovic, Zoran"]
[Black "Drasko, Milan"]
[Result "1-0"]
[WhiteElo "2444"]
[BlackElo "2509"]

1.Nf3 d5 2.c4 dxc4 3.e3 a6 4.Bxc4 e6 5.O-O c5 6.d4 Nf6 7.Bb3 Nc6 8.Nc3 b5
9.Qe2 Be7 10.Rd1 Qc7 11.Bd2 Na5 12.dxc5 Nxb3 13.axb3 Qxc5 14.Nxb5 Bb7 15.Rdc1 Qxb5
16.Qxb5+ axb5 17.Rxa8+ Bxa8 18.Rc8+ Bd8 19.Rxa8 O-O 20.Nd4 Be7 21.Rxf8+ Kxf8
22.Nxb5 Ne4 23.Bc3 Nc5 24.Nd4 Ke8 25.Kf1 Kd7 26.Ke2 g6 27.b4 Ne4 28.f3 Nd6
29.Kd3 Bd8 30.e4 Bc7 31.h3 Bb6 32.Nb3 Kc6 33.Be5 Nc8 34.Kc4 Bf2 35.Na5+ Kd7
36.Kb5 f5 37.Ka6 Nb6 38.b3 Kc8 39.Nc4 Nd7 40.Bd6 fxe4 41.fxe4 Nf6 42.e5  1-0

[Event "JUG-chT"]
[Site "Vrnjacka Banja"]
[Date "1999.??.??"]
[Round "2"]
[White "Arsovic, Goran"]
[Black "Kosic, Dragan"]
[Result "1/2-1/2"]
[WhiteElo "2423"]
[BlackElo "2523"]

1.Nf3 d5 2.c4 c6 3.e3 Nf6 4.Nc3 e6 5.Qc2 Nbd7 6.d4 Bd6 7.b3 O-O 8.Be2 b6
9.O-O Bb7 10.Bb2 Qe7 11.a4 a5 12.Rfd1 Rad8 13.Rac1 Rfe8 14.Bd3 h6 15.Re1 Bb4
16.Re2 dxc4 17.bxc4 c5 18.Ne4 cxd4 19.exd4 Nh5 20.Re3 Rc8 21.Bf1 Nf4  1/2-1/2

[Event "JUG-chT"]
[Site "Vrnjacka Banja"]
[Date "1999.??.??"]
[Round "3"]
[White "Arsovic, Zoran"]
[Black "Lazic, Miroljub"]
[Result "1/2-1/2"]
[WhiteElo "2444"]
[BlackElo "2498"]

1.Nf3 d5 2.c4 c6 3.e3 Nf6 4.d4 e6 5.Bd3 Nbd7 6.O-O Be7 7.b3 O-O 8.Nc3 b6
9.Bb2 Bb7 10.Qe2 Qc7 11.Rad1 Rad8 12.Ne5 dxc4 13.Bxc4 Nd5 14.Ne4 f5 15.Nc3 Nxe5
16.dxe5 Bb4 17.Nxd5 cxd5 18.Ba6 Bxa6 19.Qxa6 f4 20.a3 Qc2 21.Bd4 fxe3 22.Bxe3 Bc3
23.Qxa7 Qxb3 24.Qxb6 Qxb6 25.Bxb6 Rb8 26.Rb1 Rfc8 27.a4 Ra8 28.a5 Bxa5 29.Bxa5 Rxa5
30.Rb6 Kf7 31.Rd1 Ra2 32.h3 Re2  1/2-1/2

[Event "JUG-chT"]
[Site "Vrnjacka Banja"]
[Date "1999.??.??"]
[Round "7"]
[White "Todorovic, Goran N"]
[Black "Colovic, Dusan"]
[Result "1/2-1/2"]
[WhiteElo "2385"]
[BlackElo "2364"]

1.Nf3 d5 2.c4 c6 3.e3 e6 4.b3 f5 5.Bb2 Nf6 6.Be2 Bd6 7.O-O Nbd7 8.d4 O-O
9.Ba3 Bxa3 10.Nxa3 Qe7 11.Nc2 Ne4 12.Qe1 a5 13.Bd3 b6 14.Nd2 e5 15.cxd5 cxd5
16.Nf3 Nxf2 17.Rxf2 e4 18.Bb5 exf3 19.Bc6 Ra7 20.Bxd5+ Kh8 21.Bxf3 Nf6 22.Qd2 Bd7
23.Rff1 Rc8 24.Rfc1 Rac7 25.Ne1 Bc6 26.Bxc6 Rxc6 27.Rxc6 Rxc6 28.Rc1 Rxc1
29.Qxc1 g6 30.h3 Nd5 31.Nc2 Qe4 32.Qd2 g5 33.Qf2 f4 34.exf4 Nxf4 35.Kh2 Kg8
36.Ne1 h6 37.Nf3 b5 38.Qe1 Qxe1 39.Nxe1 Ne2 40.Nc2 Kf7 41.d5 Kf6 42.Ne3 h5
43.a4  1/2-1/2

[Event "Wisla Hugart op (Women)"]
[Site "Warsaw"]
[Date "1999.??.??"]
[Round "?"]
[White "Foisor, Cristina Adela B"]
[Black "Lukasiewicz, Anna"]
[Result "1-0"]
[WhiteElo "2370"]
[BlackElo "2132"]

1.Nf3 d5 2.c4 c6 3.e3 Nf6 4.Nc3 g6 5.cxd5 cxd5 6.Ne5 Bg7 7.Bb5+ Nfd7 8.d4 O-O
9.f4 Nxe5 10.dxe5 Be6 11.O-O Nc6 12.Ba4 Qa5 13.Bd2 Rfd8 14.Bb3 Qc7 15.Na4 b6
16.Bc3 Qd7 17.Bd4 f6 18.exf6 Bxf6 19.Nc3 Nxd4 20.exd4 Kh8 21.Qd2 Qe8 22.h3 Qg8
23.Rad1 Bc8 24.Rf3 e6 25.a3 Bd7 26.Kh2 Rac8 27.Ne2 Rf8 28.Ng1 Be7 29.Kh1 Bd6
30.h4 Rf6 31.Nh3 Rcf8 32.Re1 Qg7 33.g3 h6 34.Rc3 Qg8 35.Bc2 Rc8 36.Nf2 Rxc3
37.bxc3 h5 38.Nd3 Qf8 39.Ne5 Be8 40.a4  1-0

[Event "Wisla Hugart op (Women)"]
[Site "Warsaw"]
[Date "1999.??.??"]
[Round "?"]
[White "Olarasu, Gabriela"]
[Black "Berzina, Ilze"]
[Result "1/2-1/2"]
[WhiteElo "2333"]
[BlackElo "2176"]

1.Nf3 d5 2.c4 c6 3.g3 Bg4 4.Bg2 e6 5.Qb3 Qc8 6.Ne5 Bf5 7.cxd5 cxd5 8.Nc3 Nf6
9.g4 Bg6 10.h4 Bd6 11.d4 h5 12.Nxg6 fxg6 13.Nb5 Be7 14.g5 Ne4 15.Bxe4 dxe4
16.Bf4 O-O 17.e3 Nc6 18.Bg3 Bb4+ 19.Ke2 Rf3 20.d5 exd5 21.Qxd5+ Kh7 22.Qxe4 Rf7
23.Rac1 Qd8 24.Rhd1 Qb6 25.Nc7 Rc8 26.Nd5 Qa6+ 27.Rc4 Ne5 28.Nxb4 Qxc4+ 29.Qxc4 Rxc4
30.Bxe5 Rxb4 31.f4 Re7 32.Kf3 Ra4 33.a3 Kg8 34.Rd6 Kf7 35.Bd4 b6 36.e4 Rc4
37.f5 gxf5 38.g6+ Ke8 39.exf5 Rcc7 40.f6 gxf6 41.Bxf6 Red7 42.Re6+ Kf8 43.g7+ Rxg7
44.Bxg7+ Kxg7 45.Kf4 Rc4+ 46.Re4 Rc2 47.b4 Kf6 48.Rd4 Rf2+ 49.Ke4 Ke6 50.a4 Rh2
51.Kd3 Ra2 52.b5 Ra3+ 53.Kc2 Ke5 54.Rc4 Kd5 55.Rf4 Ke5 56.Rb4 Rf3 57.Rb1 Rf4
58.Kb3 Rxh4 59.Rc1 Rh3+  1/2-1/2

[Event "Wisla Hugart op (Women)"]
[Site "Warsaw"]
[Date "1999.??.??"]
[Round "?"]
[White "Shumiakina, Tatiana"]
[Black "Kludacz, Magdalena"]
[Result "1/2-1/2"]
[WhiteElo "2407"]
[BlackElo "2260"]

1.Nf3 d5 2.c4 c6 3.e3 Nf6 4.Nc3 Bg4 5.cxd5 Nxd5 6.d4 e6 7.e4 Nb6 8.Be2 Be7
9.Be3 N8d7 10.O-O O-O 11.Qb3 Bxf3 12.Bxf3 Bg5 13.Bxg5 Qxg5 14.Rad1 Nf6 15.e5 Nfd5
16.a4 Rab8 17.a5 Na8 18.Bxd5 cxd5 19.Nb5 Qd8 20.Qa3 Nc7 21.Nd6 Ne8 22.Rc1 Qd7
23.Nxe8 Rfxe8 24.Rc3 Rec8 25.Rfc1 h6 26.Qd6 Qxd6 27.exd6 Rd8 28.b4 a6 29.Kf1 Kf8
30.Rf3 Rbc8 31.Rc5 Rc6 32.b5 Rcxd6 33.b6 Ke7 34.Rfc3 f6 35.f4 R6d7 36.Kf2 Kd6
37.Re3 Re7 38.Ke2 e5 39.fxe5+ fxe5 40.Rc2 exd4 41.Rxe7 Kxe7 42.Kd3 Kd6 43.Kxd4 Re8
44.Rc7 Re4+ 45.Kd3 Re7 46.Rc8 Rf7 47.g3 h5 48.Kd4 Rf2 49.Rc7 Rxh2 50.Rxb7 Ra2
51.Rxg7 Ra4+ 52.Ke3 Rxa5 53.b7 Rb5 54.Rg6+ Kc5 55.Rxa6 Rxb7 56.Rh6 Re7+ 57.Kd3 Re5
58.Rg6 d4 59.Rg8 Re3+ 60.Kd2 Ra3 61.Rg5+ Kc4 62.Rxh5 Ra2+ 63.Kc1 Kd3 64.g4 Rg2
65.g5 Ke2 66.g6 Rg1+ 67.Kb2 d3 68.Rh2+ Ke1 69.Kc3 Rg3 70.Rd2 Rxg6 71.Kxd3  1/2-1/2

[Event "Hoogovens-C op"]
[Site "Wijk aan Zee"]
[Date "1999.??.??"]
[Round "6"]
[White "Ivkov, Borislav"]
[Black "Strating, Sybolt"]
[Result "1-0"]
[WhiteElo "2440"]
[BlackElo "2315"]

1.Nf3 d5 2.c4 c6 3.e3 Nf6 4.d4 a6 5.Bd3 Bg4 6.cxd5 cxd5 7.Qb3 Qc7 8.Nc3 Bxf3
9.gxf3 e6 10.Bd2 Nc6 11.Rc1 Be7 12.f4 g6 13.Rg1 O-O 14.Kf1 Rfc8 15.Ne2 Kh8
16.Kg2 Qd7 17.Ng3 Ne8 18.Qd1 Ng7 19.Qe2 Na7 20.Rxc8+ Rxc8 21.Rc1 Ne8 22.Rxc8 Qxc8
23.Qd1 Kg7 24.Ne2 e5 25.fxe5 Qg4+ 26.Kf1 Qh3+ 27.Kg1 Qg4+ 28.Kf1 Qh3+ 29.Ke1 Qxh2
30.Nf4 Nc7 31.Qf3 Nc6 32.Nxd5 Nxd5 33.Qxd5 Nb4 34.Bxb4 Bxb4+ 35.Ke2 Qg1 36.Bc4 Qe1+
37.Kf3 Qh1+ 38.Ke2 Qe1+ 39.Kf3 Qh1+ 40.Kg3 Qg1+ 41.Qg2 Qc1 42.Bd5 Be7 43.Qf3 f6
44.exf6+ Bxf6 45.Kg2 b6 46.Bb3 Qc7 47.Qd5 Kh6 48.Qf7 Qd8 49.Bd5 a5 50.a4 Qd6
51.b3 Qd8 52.Be6 Bh4 53.Kf3 Bf6 54.Ke4 Bh4 55.f4 Bf6 56.Qd7 Qf8 57.Bc4 Bd8
58.Qh3+ Kg7 59.Qd7+ Kh6 60.Kf3 Be7 61.Ke4 Bd8 62.f5 Bg5 63.Be6 Be7 64.Kd5 Kg5
65.e4 Qa8+ 66.Kc4 Bb4 67.Kd3 gxf5 68.Qg7+ Kf4 69.Qe5+ Kf3 70.Qxf5+ Kg3 71.Ke3 Kg2
72.Qh3+ Kg1 73.Qg3+ Kh1 74.Bh3 Bd2+ 75.Kd3  1-0

[Event "Boavista Masters"]
[Site "Porto POR"]
[Date "2000.01.04"]
[Round "8"]
[White "Galego,L"]
[Black "Mitkov,N"]
[Result "1-0"]
[WhiteElo "2427"]
[BlackElo "2509"]

1.Nf3 d5 2.c4 e6 3.g3 dxc4 4.Qa4+ Nd7 5.Qxc4 a6 6.Bg2 b5 7.Qc2 Bb7 8.O-O c5
9.a4 Qb6 10.axb5 axb5 11.Rxa8+ Bxa8 12.d4 Ngf6 13.Bf4 Ne4 14.Qc1 Bb7 15.Nbd2  1-0

[Event "ch-AUS"]
[Site "Mingara NSW AUS"]
[Date "2000.01.05"]
[Round "8"]
[White "Johansen,D"]
[Black "Solomon,SJ"]
[Result "1/2-1/2"]
[WhiteElo "2496"]
[BlackElo "2435"]

1.Nf3 d5 2.c4 e6 3.g3 Nf6 4.Bg2 Be7 5.O-O O-O 6.d4 dxc4 7.Qc2 a6 8.a4 Nc6
9.Qxc4 e5 10.dxe5 Be6 11.Qf4 Nd5 12.Qe4 a5 13.Nc3 Ra6 14.Ng5 Bxg5 15.Nxd5 Bxd5
16.Qxd5 Bxc1 17.Raxc1 Rb6 18.Qxd8 Rxd8 19.Rfd1 Rxd1+ 20.Rxd1 Kf8 21.Rd7 Nxe5
22.Rxc7 Rxb2 23.Bxb7 Rxe2 24.f4 Nd3 25.Rc3 Rd2 26.Rc8+ Ke7 27.Ra8 Rd1+ 28.Kg2 Rd2+
29.Kg1 Rd1+ 30.Kg2 Rd2+ 31.Kg1  1/2-1/2

[Event "6th Open"]
[Site "Bosnjaci CRO"]
[Date "2000.01.06"]
[Round "6"]
[White "Goric,E"]
[Black "Dabo Peranic,R"]
[Result "1-0"]
[WhiteElo "2354"]
[BlackElo "2282"]

1.Nf3 d5 2.c4 d4 3.d3 Nc6 4.g3 g6 5.Bg2 Bg7 6.O-O e5 7.Nbd2 Nf6 8.b4 Nd7
9.b5 Ne7 10.a4 O-O 11.a5 a6 12.Ba3 axb5 13.cxb5 Rxa5 14.Qb3 b6 15.Nc4 Rxa3
16.Rxa3 Nc5 17.Qc2 f6 18.Ra8 Qd7 19.Nfd2 Qxb5 20.Rb1 Qe8 21.Ne4 Ne6 22.Nxb6 cxb6
23.Rxb6 Qd8 24.Rxe6 Bxe6 25.Rxd8 Rxd8 26.Qa4 Nd5 27.Qc6 Bf7 28.Nd6 Ne7 29.Qc7 Rxd6
30.Qxd6 Kf8 31.e3 f5 32.Kf1 Be8 33.Bd5 Bb5 34.exd4 exd4 35.Ke2 Ba4 36.f4 Ke8
37.Be6  1-0

[Event "VII Anibal Open"]
[Site "Linares ESP"]
[Date "2000.01.09"]
[Round "3"]
[White "Zvjaginsev,V"]
[Black "Svetushkin,D"]
[Result "1-0"]
[WhiteElo "2652"]
[BlackElo "2486"]

1.Nf3 d5 2.c4 dxc4 3.e3 Nf6 4.Bxc4 e6 5.O-O c5 6.Qe2 a6 7.Bb3 b5 8.a4 b4
9.d3 Nc6 10.Nbd2 Na5 11.Ba2 Bb7 12.e4 Be7 13.Nc4 Nxc4 14.Bxc4 Qc7 15.Ng5 h6
16.Nh3 g5 17.f4 O-O-O 18.fxg5 hxg5 19.Bxg5 Rdg8 20.Bf4 Bd6 21.Qf3 Ng4 22.Kh1 Kb8
23.Rae1 Ka8 24.Bb3 Rg6 25.Bd1 f5 26.Bxd6 Qxd6 27.Qf4 Qd4 28.b3 Ka7 29.a5 Ne5
30.Nf2 Rgh6 31.h3 Nxd3 32.Nxd3 Qxd3 33.Re3 Qd2 34.Be2 Rh4 35.Qf2 fxe4 36.Kg1 Rf8
37.Rf3 Rc8 38.Rf7 Qd4 39.Rd1  1-0

[Event "ch-Asia"]
[Site "Udaipur IND"]
[Date "2000.01.13"]
[Round "4"]
[White "Rahman,Zia"]
[Black "Reefat,S"]
[Result "1/2-1/2"]
[WhiteElo "2465"]
[BlackElo "2379"]

1.Nf3 d5 2.c4 d4 3.b4 c5 4.Bb2 e6 5.g3 Nc6 6.b5 Nce7 7.Bg2 g6 8.e3 Bg7 9.O-O Nh6
10.exd4 Nhf5 11.Nc3 Nxd4 12.Ba3 Qc7 13.Ne4 Nxf3+ 14.Qxf3 Bd4 15.Rad1 O-O
16.Qf4 e5 17.Qh6 f6 18.g4 Bxg4 19.Qh4 Bf5 20.Nxf6+ Rxf6 21.Qxf6 Rf8 22.Qg5 Bd3
23.Be4 Bxf1 24.Rxf1 Nf5 25.Bc1 Qa5 26.Bxb7 Qxa2 27.Qg2 Kh8 28.Qd5 Qc2 29.Ba3 Ne7
30.Qd6 Rxf2 31.Rxf2 Qd1+ 32.Kg2 Qg4+  1/2-1/2

[Event "Troll Masters"]
[Site "Gausdal NOR"]
[Date "2000.01.15"]
[Round "8"]
[White "Bae,T"]
[Black "Westerinen,H"]
[Result "0-1"]
[WhiteElo "2218"]
[BlackElo "2382"]

1.Nf3 d5 2.c4 d4 3.b4 f6 4.e3 e5 5.c5 Ne7 6.Bc4 Nd5 7.Nxe5 Be6 8.Nf3 Nxe3
9.dxe3 Bxc4 10.Nxd4 a5 11.Qh5+ g6 12.Qg4 axb4 13.Nd2 Rxa2 14.Rb1 Bd5 15.O-O Bxc5
16.f4 f5 17.Nxf5 gxf5 18.Qxf5 Nc6 19.Qh5+ Kf8 20.Qf5+ Ke7 21.Kh1 Rf8 22.Qh5 Qd6
23.e4 Bf7 24.Qg5+ Kd7 25.Qg4+ Qe6 26.f5 Qf6 27.e5 Nxe5 28.Qf4 Nd3 29.Qf3 Qd4
30.Ne4 Bd5  0-1

[Event "Troll Masters"]
[Site "Gausdal NOR"]
[Date "2000.01.15"]
[Round "8"]
[White "Putka,V"]
[Black "Pedersen,St"]
[Result "0-1"]
[WhiteElo "2250"]
[BlackElo "2427"]

1.Nf3 d5 2.c4 c6 3.b3 Bg4 4.Bb2 Bxf3 5.gxf3 e6 6.Rg1 Nf6 7.Nc3 a6 8.Qc2 Nbd7
9.O-O-O b5 10.d4 Qc7 11.Rg3 g6 12.e3 Bg7 13.Ba3 Rb8 14.Ne2 bxc4 15.bxc4 c5
16.Nf4 Qa5 17.Rd3 dxc4 18.Qxc4 O-O 19.Qc3 Qb5 20.Qb3 Rfc8 21.Qxb5 cxd4+ 22.Kd2 Rxb5
23.Rb3 Ra5 24.Ne2 Bf8 25.Bb2 Nc5  0-1

[Event "Extraliga CZE"]
[Site "Ostrava CZE"]
[Date "2000.01.15"]
[Round "6"]
[White "Sergeev,Vl"]
[Black "Talla,V"]
[Result "1/2-1/2"]
[WhiteElo "2461"]
[BlackElo "2352"]

1.Nf3 d5 2.c4 c6 3.e3 Nf6 4.Nc3 e6 5.b3 Bd6 6.Bb2 Nbd7 7.Qc2 O-O 8.Be2 b6
9.O-O Bb7 10.Rad1 Qe7 11.Rfe1 Rad8 12.Bf1 Bb8 13.d3 e5 14.e4 d4 15.Nb1 c5
16.Nh4 g6 17.g3 Nh5 18.Bc1 Kh8 19.a3 Rde8 20.Bh3 Ng7 21.Bh6 Nf6 22.Qc1 Ng8
23.Bg5 f6 24.Bh6 Qf7 25.Rf1 Nxh6 26.Qxh6 f5 27.Nf3 Ne6 28.Nbd2 Qg7 29.Qxg7+ Nxg7
30.Bg2 Bd6 31.Rfe1 Re7 32.exf5 gxf5 33.Ng5 Bxg2 34.Kxg2 Rfe8 35.f3 Nh5 36.Kh1 Nf6
37.Rf1 Kg7 38.Rde1 h6 39.Nh3 e4 40.fxe4 fxe4 41.dxe4 Nxe4 42.Nxe4 Rxe4 43.Rxe4 Rxe4
44.Rf3 Re2 45.Nf2 Rb2 46.Kg2 Be7 47.h4 Bf6 48.Rd3 Kf7 49.Kf3 Ke6 50.a4 Be7
51.Ne4 Ke5 52.Nf2 Ke6 53.Nh3 Bd6 54.Nf2 Bf8 55.Nh3 Bd6 56.Kg4 Rc2 57.Rf3 Rb2
58.Nf2 Be7  1/2-1/2

[Event "Troll Masters"]
[Site "Gausdal NOR"]
[Date "2000.01.16"]
[Round "9"]
[White "Putka,V"]
[Black "Leer Salvesen,B"]
[Result "0-1"]
[WhiteElo "2250"]
[BlackElo "2261"]

1.Nf3 d5 2.c4 e6 3.g3 Nf6 4.Bg2 c6 5.b3 Nbd7 6.O-O Bd6 7.Bb2 O-O 8.d3 Qe7
9.Nbd2 e5 10.cxd5 cxd5 11.Rc1 Re8 12.e4 dxe4 13.dxe4 b5 14.Qe2 Nc5 15.Rxc5 Bxc5
16.Nxe5 Qc7 17.Nd3 Bg4 18.Bf3 Bxf3 19.Qxf3 Be7 20.e5 Nd7 21.Ne4 Rad8 22.Rc1 Qb6
23.Nf4 f5 24.Nd6 Bxd6 25.Qd5+ Kh8 26.exd6 Nf6 27.Bxf6 gxf6 28.Qf7 Rf8 29.Qh5 Rc8
30.Rxc8 Rxc8 31.Ng6+ Kg7 32.Ne7 Rc1+ 33.Kg2 Qb7+ 34.Kh3 Qd7 35.Nxf5+ Kh8
36.g4 Rc3+ 37.Kh4 Rd3 38.Qh6 Qf7 39.Qc1 Qg8 40.f4 Qe8 41.Qc7 Qe1+ 42.Ng3 Qf2
43.Qd8+ Kg7 44.Qe7+ Kg8 45.Qxf6 Qxh2+ 46.Kg5 Rxg3 47.Qe6+ Kg7 48.Qe5+ Kf8
49.Qf5+ Kg7 50.Qd7+ Kg8 51.Qc8+ Kg7 52.Qb7+ Kg8 53.Qb8+ Kg7 54.Qxa7+ Kg8
55.Qb8+ Kg7 56.Qb7+ Kf8 57.Qe7+ Kg8 58.d7 h6+ 59.Kf5 Qc2+ 60.Kf6 Qc6+ 61.Qe6+ Qxe6+
62.Kxe6 Re3+ 63.Kd6 Rd3+ 64.Kc6 Re3 65.Kxb5 Rd3  0-1

[Event "Corus B"]
[Site "Wijk aan Zee NED"]
[Date "2000.01.18"]
[Round "1"]
[White "Danailov,S"]
[Black "Delemarre,J"]
[Result "1/2-1/2"]
[WhiteElo "2462"]
[BlackElo "2354"]

1.Nf3 d5 2.c4 d4 3.b4 g6 4.d3 Bg7 5.g3 e5 6.Nbd2 a5 7.b5 Ne7 8.Bg2 c5 9.bxc6 Nexc6
10.Rb1 Na6 11.O-O O-O 12.Ne1 Re8 13.Ne4 h6 14.c5 Re7 15.Ba3 Ncb4 16.Nc2 Rc7
17.Nxb4 axb4 18.Bxb4 Nxb4 19.Rxb4 Rxa2 20.Qb1 Ra5 21.Nd6 Raxc5 22.Nxb7 Bxb7
23.Bxb7 Qg5 24.Kg2 Qd2 25.Rb2 Rc2  1/2-1/2

[Event "1st Fraenkische GM"]
[Site "Pulvermuele GER"]
[Date "2000.01.21"]
[Round "8"]
[White "Bischoff,K"]
[Black "Wells,P"]
[Result "1/2-1/2"]
[WhiteElo "2544"]
[BlackElo "2483"]

1.Nf3 d5 2.c4 e6 3.g3 dxc4 4.Qa4+ Nd7 5.Bg2 a6 6.Qxc4 b5 7.Qc2 Bb7 8.O-O Ngf6
9.a4 c5 10.Nc3 Qb6 11.d3 Be7 12.axb5 axb5 13.Rxa8+ Bxa8 14.Qb3 b4 15.Nd1 O-O
16.Ne3 Qa6 17.Qc2 Nd5 18.Nc4 Rb8 19.Bg5 Bf8 20.Nfd2 Bc6 21.e4 Nc7 22.Be3 g6
23.Rc1 Bg7 24.Qd1 Ba4 25.Qe2 Nb5 26.Ra1 Na3 27.Nf3 Nxc4 28.dxc4 b3 29.Bf1 Ra8
30.Ne1  1/2-1/2

[Event "V Ubeda Open"]
[Site "Ubeda ESP"]
[Date "2000.01.22"]
[Round "4"]
[White "Pisk,P"]
[Black "Turov,M"]
[Result "0-1"]
[WhiteElo "2407"]
[BlackElo "2526"]

1.Nf3 d5 2.c4 d4 3.b4 g6 4.Bb2 Bg7 5.d3 e5 6.g3 Ne7 7.Bg2 O-O 8.O-O c5 9.b5 Nf5
10.Nfd2 Nd7 11.Ne4 a5 12.Ba3 Qc7 13.Nbd2 a4 14.Rb1 Qb6 15.Qe1 Ne7 16.e3 f5
17.Nxc5 Nxc5 18.exd4 Nxd3 19.Qe2 e4 20.Bxe7 Re8 21.c5 Qe6 22.Bg5 Bxd4 23.Be3 Bxc5
24.Bxc5 Nxc5 25.Rfc1 b6 26.Nc4 Bb7 27.Rd1 Rad8 28.Rb4 Rxd1+ 29.Qxd1 Nd3 30.Rxa4 Rc8
31.Qc2 Bd5  0-1

[Event "Renome 2000"]
[Site "Bjeljina YUG"]
[Date "2000.01.26"]
[Round "1"]
[White "Cabrilo,G"]
[Black "Szuhanek,R"]
[Result "1/2-1/2"]
[WhiteElo "2483"]
[BlackElo "2406"]

1.Nf3 d5 2.c4 c6 3.g3 Nf6 4.Qc2 dxc4 5.Qxc4 b5 6.Qc2 Bb7 7.Bg2 e6 8.O-O Nbd7
9.b3 Be7 10.Bb2 O-O 11.d3 c5 12.Nbd2 Qb6 13.Rac1 Rac8 14.Qb1 Nd5 15.a3 Bf6
16.Rc2 Ne7 17.Rfc1 Nf5 18.Bxf6 Nxf6 19.Qb2  1/2-1/2